000 00257nam a22000977a 4500
082 _a823
245 _aDAIRY OF WIMPY KID-THE UGLY TRUTH
246 _aDAIRY OF WIMPY KID-THE UGLY TRUTH
_bDAIRY OF WIMPY KID-THE UGLY TRUTH
650 _aENGLISH STORY
942 _cBK
999 _c8824
_d8824